[Event "Arco op 45th"]
[Site "Arco"]
[Date "2023.10.08"]
[Round "2"]
[White "Lang, Alexander"]
[Black "De Simone Sorrentino, Fabio"]
[Result "1-0"]
[WhiteElo "2022"]
[BlackElo "1534"]
[PlyCount "37"]
[EventDate "2023.10.07"]
[EventType "swiss"]
[EventRounds "9"]
[EventCountry "ITA"]
[SourceTitle "Mega2024 Update 01"]
[Source "Chessbase"]
[SourceDate "2023.11.12"]
[SourceVersion "1"]
[SourceVersionDate "2023.11.12"]
[SourceQuality "1"]

1. d4 d5 2. c4 e6 3. Nc3 Nf6 4. cxd5 exd5 5. Bg5 c6 6. e3 Be7 7. Bd3 Nbd7 8. Nge2 Nf8 9. Qc2 Ng6 10. 0-0 Ng4 11. Bxe7 Qxe7 12. h3 Nf6 13. Ng3 0-0 14. Rae1 Qb4 15. f3 Be6 16. a3 Qd6 17. Qf2 Qd7 18. f4 Ne7 19. f5 1-0

[Event "Arco op 44th"]
[Site "Arco"]
[Date "2022.10.16"]
[Round "9"]
[White "Bergerhoff, Wilfried"]
[Black "De Simone Sorrentino, Fabio"]
[Result "1-0"]
[WhiteElo "1729"]
[BlackElo "1513"]
[PlyCount "47"]
[EventDate "2022.10.08"]
[EventType "swiss"]
[EventRounds "9"]
[EventCountry "ITA"]
[SourceTitle "CBM 210 Extra"]
[Source "ChessBase"]
[SourceDate "2022.11.30"]
[SourceVersion "1"]
[SourceVersionDate "2022.11.30"]
[SourceQuality "1"]

1. d4 d5 2. c4 e6 3. Nf3 Nf6 4. Nc3 c6 5. e3 Nbd7 6. Bd3 Bd6 7. 0-0 0-0 8. e4 dxc4 9. Bxc4 e5 10. Bg5 exd4 11. Qxd4 Qc7 12. Bxf6 gxf6 13. Rad1 Bc5 14. Qd2 Ne5 15. Nxe5 Qxe5 16. Na4 Be6 17. Bxe6 fxe6 18. Nxc5 Qxc5 19. Qd6 Qc4 20. Qg3+ Kh8 21. Rd7 Rg8 22. Qh4 Rxg2+ 23. Kxg2 Rg8+ 24. Kf3 1-0

[Event "Arco op 42nd"]
[Site "Arco"]
[Date "2020.10.18"]
[Round "9.50"]
[White "Liloni, Francesco Mattia"]
[Black "De Simone Sorrentino, Fabio"]
[Result "1-0"]
[WhiteElo "1566"]
[BlackElo "1617"]
[PlyCount "97"]
[EventDate "2020.10.10"]
[EventType "swiss"]
[EventRounds "9"]
[EventCountry "ITA"]
[SourceTitle "CBM 198 Extra"]
[Source "ChessBase"]
[SourceDate "2020.11.30"]
[SourceVersion "1"]
[SourceVersionDate "2020.11.30"]
[SourceQuality "1"]

1. e4 e6 2. d4 d5 3. Nc3 Bb4 4. e5 c5 5. a3 Bxc3+ 6. bxc3 Ne7 7. Qg4 0-0 8. Nf3 Nbc6 9. Bd3 Nf5 10. 0-0 Nce7 11. Bg5 Qc7 12. Nh4 c4 13. Bxf5 exf5 14. Qf3 f4 15. Bxf4 Nf5 16. Bg3 Nxh4 17. Bxh4 Be6 18. Qg3 Bf5 19. Rac1 Qd7 20. f3 Qa4 21. Qf2 Qxa3 22. g4 Be6 23. Qd2 Qa4 24. Be7 Rfe8 25. Bd6 Qd7 26. Kh1 a5 27. Rg1 a4 28. f4 Bxg4 29. Qg2 h5 30. h3 a3 31. hxg4 Qxg4 32. Qxg4 hxg4 33. Rxg4 a2 34. Ra1 Re6 35. Kg2 Kh7 36. Rh4+ Kg6 37. Kf3 f6 38. Kg4 f5+ 39. Kf3 Kf7 40. Rh5 Rh6 41. Rxf5+ Ke6 42. Rg5 Rh3+ 43. Rg3 Rh2 44. Rg2 Rh3+ 45. Ke2 Rxc3 46. Kd2 Rf3 47. Rxg7 Rxf4 48. Re7+ Kf5 49. Rf7+ 1-0

[Event "Arco op 42nd"]
[Site "Arco"]
[Date "2020.10.10"]
[Round "1.39"]
[White "Von Wantoch Rekowski, Markus"]
[Black "De Simone Sorrentino, Fabio"]
[Result "1-0"]
[WhiteElo "1992"]
[BlackElo "1617"]
[PlyCount "53"]
[EventDate "2020.10.10"]
[EventType "swiss"]
[EventRounds "9"]
[EventCountry "ITA"]
[SourceTitle "CBM 198 Extra"]
[Source "ChessBase"]
[SourceDate "2020.11.30"]
[SourceVersion "1"]
[SourceVersionDate "2020.11.30"]
[SourceQuality "1"]

1. e4 e6 2. g3 d5 3. e5 Bd7 4. Bg2 Bc6 5. d4 Ne7 6. Bg5 h6 7. Bd2 Nf5 8. Nf3 Be7 9. 0-0 Bb5 10. Re1 c5 11. a4 Bc6 12. dxc5 Bxc5 13. b4 Bb6 14. b5 Bd7 15. Na3 a6 16. Bb4 Ba5 17. Qd2 Bxb4 18. Qxb4 axb5 19. axb5 Qe7 20. Qxe7+ Nxe7 21. c4 b6 22. cxd5 Nxd5 23. Nc4 Rxa1 24. Nd6+ Ke7 25. Rxa1 Nc7 26. Ra7 Nd5 27. Nd4 1-0

[Event "Parma Province-ch"]
[Site "Salsomaggiore Terme"]
[Date "2016.03.20"]
[Round "4"]
[White "Taddia, Davide"]
[Black "De Simone Sorrentino, Fabio"]
[Result "0-1"]
[WhiteElo "1459"]
[BlackElo "1679"]
[PlyCount "60"]
[EventDate "2016.03.18"]
[EventType "swiss"]
[EventRounds "5"]
[EventCountry "ITA"]
[SourceTitle "EXT 2018"]
[Source "ChessBase"]
[SourceDate "2017.10.13"]
[SourceVersion "1"]
[SourceVersionDate "2017.10.13"]
[SourceQuality "1"]

1. d4 d5 2. Nc3 c6 3. Nf3 Nf6 4. Bg5 Nbd7 5. Qd3 e6 6. Ne5 Be7 7. h4 Nxe5 8. dxe5 Nd7 9. Qg3 Bxg5 10. hxg5 Nf8 11. e3 Qb6 12. 0-0-0 c5 13. Rh3 Bd7 14. Be2 Bc6 15. Bh5 Qc7 16. Be2 0-0-0 17. Nb5 Bxb5 18. Bxb5 Qa5 19. Be2 Qxa2 20. Rd3 Qa1+ 21. Kd2 Qxb2 22. Rb3 Qa2 23. Rc3 Qa5 24. Qf4 Rd7 25. Bh5 Rc7 26. Bxf7 d4 27. g6 Qxc3+ 28. Ke2 Qxc2+ 29. Kf3 Nxg6 30. Bxg6 Qxg6 0-1

[Event "Giovanni Pico Cup 5th"]
[Site "Mirandola"]
[Date "2012.01.15"]
[Round "5"]
[White "Castellari, Claudio"]
[Black "De Simone Sorrentino, Fabio"]
[Result "1-0"]
[WhiteElo "1540"]
[BlackElo "1701"]
[PlyCount "71"]
[EventDate "2012.01.13"]
[EventType "swiss"]
[EventRounds "5"]
[EventCountry "ITA"]
[SourceTitle "EXT 2023"]
[Source "ChessBase"]
[SourceDate "2022.10.05"]
[SourceVersion "1"]
[SourceVersionDate "2022.10.05"]
[SourceQuality "1"]

1. d4 d5 2. c4 e6 3. Nc3 Nf6 4. Nf3 c6 5. Bd2 Bd6 6. c5 Bc7 7. e3 0-0 8. Bd3 Nbd7 9. b4 e5 10. dxe5 Nxe5 11. Nxe5 Bxe5 12. Rc1 a6 13. 0-0 Ng4 14. h3 Qh4 15. Be1 Qh6 16. Bd2 g5 17. f4 gxf4 18. exf4 Bd4+ 19. Kh1 Nf2+ 20. Rxf2 Bxf2 21. Qe2 Qh4 22. Rf1 Bd4 23. Be1 Qf6 24. Qc2 Qh6 25. Rf3 Kh8 26. Ne2 Re8 27. Rg3 Re3 28. Bc3 Rxg3 29. Bxd4+ Rg7 30. Bxg7+ Kxg7 31. Qc3+ f6 32. Qe1 Bxh3 33. Qg3+ Bg4+ 34. Kg1 Qh5 35. f5 Rf8 36. Nf4 1-0

[Event "Giovanni Pico Cup 5th"]
[Site "Mirandola"]
[Date "2012.01.13"]
[Round "1"]
[White "Di Trapani, Davide"]
[Black "De Simone Sorrentino, Fabio"]
[Result "1-0"]
[WhiteElo "2069"]
[BlackElo "1701"]
[PlyCount "59"]
[EventDate "2012.01.13"]
[EventType "swiss"]
[EventRounds "5"]
[EventCountry "ITA"]
[SourceTitle "EXT 2023"]
[Source "ChessBase"]
[SourceDate "2022.10.05"]
[SourceVersion "1"]
[SourceVersionDate "2022.10.05"]
[SourceQuality "1"]

1. e4 e6 2. d4 d5 3. Nc3 Bb4 4. Nge2 dxe4 5. a3 Ba5 6. b4 Bb6 7. Nxe4 Qd5 8. Qd3 a6 9. c4 Qd8 10. c5 Ba7 11. g3 Bd7 12. Bg2 Bc6 13. 0-0 Ne7 14. N2c3 Nd5 15. Nxd5 Bxd5 16. Re1 0-0 17. Ng5 g6 18. Bxd5 exd5 19. g4 Qf6 20. Qh3 Qg7 21. Nf3 Rc8 22. Bh6 Qh8 23. Ne5 Qf6 24. Re3 Qe6 25. Rae1 Nc6 26. Nxc6 Qxc6 27. Qf3 Re8 28. Rxe8+ Rxe8 29. Rxe8+ Qxe8 30. Qf6 1-0

[Event "Arco op 33rd"]
[Site "Arco"]
[Date "2011.10.29"]
[Round "8"]
[White "De Simone Sorrentino, Fabio"]
[Black "Sparber, Werner"]
[Result "0-1"]
[WhiteElo "1705"]
[BlackElo "1788"]
[PlyCount "134"]
[EventDate "2011.10.22"]
[EventType "swiss"]
[EventRounds "9"]
[EventCountry "ITA"]
[SourceTitle "EXT 2012"]
[Source "ChessBase"]
[SourceDate "2011.11.24"]
[SourceVersion "1"]
[SourceVersionDate "2011.11.24"]
[SourceQuality "1"]

1. e4 c5 2. Nf3 d6 3. Bb5+ Bd7 4. Bxd7+ Nxd7 5. 0-0 Ngf6 6. Nc3 g6 7. d3 Bg7 8. Bf4 Nh5 9. Be3 0-0 10. Qd2 Re8 11. Ng5 Ne5 12. Qe2 Qd7 13. f4 Ng4 14. Bd2 Bd4+ 15. Kh1 a6 16. f5 Ne5 17. Nd1 Nc6 18. c3 Bf6 19. g4 Ng7 20. Nf3 Ne5 21. Ne3 Nxf3 22. Qxf3 Rf8 23. Nd5 Be5 24. Nb6 Qb5 25. Nxa8 Qxb2 26. Bf4 Bxf4 27. Qxf4 Rxa8 28. fxg6 f6 29. Qh6 hxg6 30. Qxg6 Qxc3 31. Rad1 b5 32. g5 Rf8 33. h4 Qe5 34. Rf3 Qe6 35. Rf5 Qf7 36. Qxf7+ Kxf7 37. Rf3 Rh8 38. gxf6 Rxh4+ 39. Kg2 exf6 40. Rdf1 Rh6 41. Rb1 Ne6 42. Rc1 Rg6+ 43. Kf1 Nd4 44. Rh3 a5 45. Rh7+ Ke6 46. Kf2 a4 47. Ra7 Rg4 48. Ra6 Rf4+ 49. Kg2 Ke5 50. Rh1 f5 51. Rh5 Rf3 52. exf5 Rxf5 53. Rh6 Ne6 54. Kg3 Kd5 55. Kg4 Re5 56. Kf3 Nd4+ 57. Kg2 Re2+ 58. Kf1 Rxa2 59. Rh5+ Ke6 60. Rh6+ Ke5 61. Rhxd6 b4 62. Rh6 b3 63. Rh5+ Nf5 64. d4+ Kf4 65. Rf6 b2 66. Rhxf5+ Ke4 67. Rf4+ Kd3 0-1

[Event "Arco op 32nd"]
[Site "Arco"]
[Date "2010.10.23"]
[Round "8"]
[White "Blasco, Domenico"]
[Black "De Simone Sorrentino, Fabio"]
[Result "1-0"]
[WhiteElo "1961"]
[BlackElo "1711"]
[PlyCount "71"]
[EventDate "2010.10.16"]
[EventType "swiss"]
[EventRounds "9"]
[EventCountry "ITA"]
[SourceTitle "EXT 2024"]
[Source "ChessBase"]
[SourceDate "2023.10.10"]
[SourceVersion "1"]
[SourceVersionDate "2023.10.10"]
[SourceQuality "1"]

1. d4 d5 2. Nf3 Nf6 3. e3 e6 4. Bd3 Bd6 5. Nbd2 Nbd7 6. 0-0 0-0 7. Re1 Re8 8. e4 dxe4 9. Nxe4 Nxe4 10. Rxe4 Be7 11. c3 b6 12. Ne5 Nxe5 13. Rxe5 Bf6 14. Re1 Bb7 15. Bf4 g6 16. Be5 Bxe5 17. Rxe5 Qf6 18. Be4 Bxe4 19. Rxe4 Rad8 20. Qe2 Rd5 21. Re1 Red8 22. Re5 Rxe5 23. dxe5 Qf4 24. g3 Qd2 25. Kg2 Qd5+ 26. Qf3 Qxa2 27. Qf6 Qd5+ 28. Kg1 Qd2 29. Re3 Qd1+ 30. Kg2 Qd5+ 31. Rf3 Ra8 32. Qxf7+ Kh8 33. Qf6+ Kg8 34. h4 a5 35. g4 Re8 36. Qf7+ 1-0

[Event "Arco op 32nd"]
[Site "Arco"]
[Date "2010.10.17"]
[Round "2"]
[White "Cottarelli, Franco"]
[Black "De Simone Sorrentino, Fabio"]
[Result "1-0"]
[WhiteElo "1889"]
[BlackElo "1711"]
[PlyCount "71"]
[EventDate "2010.10.16"]
[EventType "swiss"]
[EventRounds "9"]
[EventCountry "ITA"]
[SourceTitle "EXT 2024"]
[Source "ChessBase"]
[SourceDate "2023.10.10"]
[SourceVersion "1"]
[SourceVersionDate "2023.10.10"]
[SourceQuality "1"]

1. e4 e6 2. d3 d5 3. Nd2 Nf6 4. Ngf3 dxe4 5. dxe4 Be7 6. g3 0-0 7. Bg2 Nc6 8. 0-0 Nd4 9. Nxd4 Qxd4 10. c3 Qb6 11. e5 Nd7 12. Qe2 Rd8 13. Nf3 Nf8 14. Be3 Bc5 15. Bxc5 Qxc5 16. Rad1 Bd7 17. Nd4 Qb6 18. Qc2 c5 19. Nf3 Bc6 20. b3 Qa6 21. Rd2 Rd7 22. Rfd1 Rad8 23. h4 c4 24. Rxd7 Rxd7 25. Rxd7 Bxd7 26. Bf1 cxb3 27. axb3 Qb6 28. Bd3 Qc5 29. Ng5 g6 30. Qe2 Qxc3 31. Qf3 f5 32. exf6 Bc6 33. f7+ Kh8 34. Ne4 Bxe4 35. Qxe4 Qxb3 36. Qe5# 1-0

[Event "Mirandola Giovanni Pico 3rd"]
[Site "Mirandola"]
[Date "2010.01.15"]
[Round "1"]
[White "Egli, Urs Martin"]
[Black "De Simone Sorrentino, Fabio"]
[Result "1-0"]
[WhiteElo "2062"]
[BlackElo "1714"]
[PlyCount "41"]
[EventDate "2010.01.15"]
[EventType "swiss"]
[EventRounds "5"]
[EventCountry "ITA"]
[SourceTitle "EXT 2024"]
[Source "ChessBase"]
[SourceDate "2023.10.10"]
[SourceVersion "1"]
[SourceVersionDate "2023.10.10"]
[SourceQuality "1"]

1. e4 e6 2. d3 d5 3. Nd2 Nf6 4. Ngf3 dxe4 5. dxe4 Nbd7 6. Bc4 Bd6 7. Qe2 Ne5 8. Nxe5 Bxe5 9. Nf3 Qd6 10. 0-0 0-0 11. Rd1 Qc5 12. b4 Bxh2+ 13. Nxh2 Qxb4 14. Bg5 e5 15. Rab1 Qe7 16. Rb3 h6 17. Bc1 Nh7 18. Ba3 c5 19. Qe3 b6 20. Bd5 Rb8 21. Bxc5 1-0